04669nam a22003617a 450000500170000000800410001702000180005808200260007624500840010226000390018630000300022550500490025550501040030450500890040850500880049750500690058550501400065450501010079450500990089550500740099450501570106850501350122550500740136050501090143452025500154365000210409365000300411465000320414465000330417665000350420965000300424470000330427420260319063739.0151221b2015 ag ||||| |||| 00| 0 spa d a97898762961750 220a306.0982bCUL 96703aLa cultura Argentina hoy :btendencias! /ccompilación, Luis Alberto Quevedo. aBuenos Aires : bSiglo XXI,c2015. a415 p. ;bfot. ; c23 cm.0 tTendencia /rLuis Alberto Quevedo.gp.15-38.0 t¿Cuánto o cómo se lee? De los libros a las pantallas /r Néstor García Canclini.gp.39-56.0 tFilosofía de la experiencia postidentitaria / r Darío Sztajnszrajber.gp.57-88.0 tCuerpo, palabra y música en el tango del siglo XXI / rGustavo Varela.gp.89-116.0 tDevenires del apetito argentino / rMatías Bruera.gp.117-150.0 tLa escena teatral argentina en el siglo XXI. Permanencia, transformaciones, intensificaciones, aperturas / rJorge Dubatti.gp.151-196.0 tNarrativas transmedia. Cuando los relatos no se quedan quietos / rAriana Vacchieri.gp.197-232.0 tCultura, juventud y política en los años del Kirchnerismo / rJosé Natanson.gp.233-254.0 tAnegados en la cultura. "Be creative!" / rRubens Bayardogp.255-286.0 tNómades, convergentes, protésicos y obnubilados. Los jóvenes ante las emergencias del campo tecnológico digital / rMarcelo Urresti.gp.287-318.0 tEl cuerpo, modelo para (re)armar. Cartografía de imágenes y experiencias en los consumos urbanos / rSilvia Citro.gp.319-348.0 tLa ciudad como lienzo de las culturas / rMariana Chavez.gp.349-374.0 tNuevas y viejas formas de (des)encuentro amoroso. Claves generacionales / rSilvia Elizalde.gp.375-400. aDurante el siglo XX la cultura fue un campo de batalla tan intenso como el de la guerra o el de la expansión desenfrenada del capitalismo; fue el escenario en que murieron todos los géneros –discursivos, artísticos, sexuales– entendidos como clasificaciones rígidas. Por contraposición, el siglo XXI parece libre de dramatismos, casi desangelado. ¿Cómo definir los rasgos culturales distintivos de este siglo, sin la pretensión de dar con un solo “espíritu de época”? Este libro, coordinado por Luis Alberto Quevedo, uno de los máximos referentes en el estudio de la cultura actual, no sólo reúne trabajos capaces de revelar un estado de cosas; además, inventa y propone conceptos para pensar, fuera de los moldes heredados, estilos de vida, experiencias y manifestaciones artísticas de nuestro presente. A partir de la idea de “tendencias”, que no son modas momentáneas sino prácticas con cierto arraigo y estabilidad, los autores trazan un mapa de la cultura argentina de hoy y sus recorridos más significativos. Así, explican la desaparición del cuerpo natural y su transformación en territorio de intervenciones múltiples (mediante cirugías, tatuajes, piercings, el control de los alimentos que se consumen y el culto de dietéticas naturistas) o las mutaciones del espacio público, que se siente como un ámbito amenazado por la “otredad” pero aparece surcado por eventos colectivos y una variada oferta cultural, desde La Noche de las Librerías y las Gallery Nights hasta el auge del running urbano. También reseñan las formas híbridas que adoptan las culturas juveniles (los booktubers y los nuevos espectadores-críticos, que reinventan la crítica literaria y de espectáculos, al instalar una modalidad y una retórica más horizontales), las nuevas opciones de militancia política, el uso de las redes sociales, las tecnologías que ya se integraron a la vida cotidiana y cuya desmaterialización creciente cambiará también los modos de existencia. Al eludir la fugacidad oportunista programada por las industrias del entretenimiento, este libro capta las líneas profundas que definen la cultura argentina, entre las prácticas globalizadas y las particularidades locales, entre la libertad expresiva de las nuevas tecnologías y la influencia del mercado, entre el cultivo de una estética “retro” y la imaginación del futuro. Así, sin forzar hipótesis totalizadoras, articula un panorama revelador de la sociedad contemporánea. 7aCULTURA2unescot 72unescotaCULTURA DE MASAS 72unescotaINDUSTRIA CULTURAL 72unescotaESTUDIOS CULTURALES 72unescotaCULTURA CONTEMPORANEA 72unescotaCULTURA NACIONAL1 aQuevedo, Luis Albertoecomp.